Die Chronik des Gettos Lodz, Litzmannstadt. - Göttingen : Wallstein [Rezension]
| Titel: | Die Chronik des Gettos Lodz, Litzmannstadt. - Göttingen : Wallstein [Rezension] |
|---|---|
| Verfasser: | |
| In: |
Archiv für Sozialgeschichte, Band 48 (2008) alle Artikel anzeigen |
| Veröffentlicht: | 2008 |
| Format: | Aufsatz |
| Sprache: | Deutsch |
X
alg: 39500992 001A $01999:12-11-16 001B $01999:04-08-21 $t21:02:00.000 001D $01999:12-11-16 001U $0utf8 001X $00 002@ $0Oox 003@ $0395009928 007A $0395009928 $aHEB 007T $0Herdc0058707m 009Q $uhttp://library.fes.de/fulltext/afs/htmrez/80920.htm $xH 010@ $ager 011@ $a2008 016A $aDg 021A $aDie @Chronik des Gettos Lodz, Litzmannstadt. - Göttingen : Wallstein [Rezension] 028A $aPetersen $dHans-Christian 031A $d48 $j2008 039B $aIn $8--Obvc--. Archiv für Sozialgeschichte. - Bonn : Dietz, 1961-. - Online-Ressource $x200800000480000999 $9099227487 039T $8--Acu--. Die @Chronik des Gettos Lodz, Litzmannstadt. - Göttingen : Wallstein. - ISBN 978-3-89244-834-1 $9190824220 045F $a900.9438 $eDDC23BSB 045F/01 $a900 045F/03 $g438 045T $a3,61 lok: 39500992 78 exp: 39500992 78 1 #EPN 201B/01 $018-11-16 $t13:25:28.000 201U/01 $0utf8 203@/01 $0791308545 208@/01 $a12-11-16 $be 209A/01 $a/ $f000 $x00 220C/01 $aTitelaufnehmer: cs 220C/01 $aHerkunft: HI Marburg 244Z/01 $2Trx $#Poola $#Lenkija $#Polija $#Polen Land $#Poland $#Lengyelország $#Poľsko $#Polsko $8--Trx--Polska$gkraj $x01 $9391345966 244Z/01 $2Trx $#arvustused $#recenzijos $#Reviews $#recenziók $#recenzje $#recenzie $#recenze $8--Trx--Rezensionen $x02 $9391357441 244Z/01 $2Trx $8--Trx--elektronische Ressource $x03 $939138452X 247C/01 $82080>Marburg/Lahn, Herder-Institut, Forschungsbibliothek, Bibliographieportal $9336309341
| LEADER | 00000caa a22000002c 4500 | ||
|---|---|---|---|
| 001 | 395009928 | ||
| 003 | DE-603 | ||
| 005 | 20210804210200.0 | ||
| 007 | cr|||||||||||| | ||
| 008 | 161112s2008 xx |||| o| u00||u|ger c | ||
| 035 | |a (DE-599)HEB395009928 | ||
| 040 | |a DE-603 |b ger |c DE-603 |d DE-603 | ||
| 041 | |a ger | ||
| 082 | 0 | 4 | |8 1\u |a 900.9438 |q DE-101 |2 23/BSB |
| 084 | |a 3,61 |2 ssgn | ||
| 085 | |8 1\u |b 900 | ||
| 085 | |8 1\u |z 2 |s 438 | ||
| 100 | 1 | |a Petersen, Hans-Christian | |
| 245 | 0 | 0 | |a Die Chronik des Gettos Lodz, Litzmannstadt. - Göttingen : Wallstein [Rezension] |
| 264 | 0 | |c 2008 | |
| 773 | 0 | 8 | |i In |t Archiv für Sozialgeschichte |d Bonn : Dietz, 1961- |h Online-Ressource |g Band 48 (2008) |w (DE-603)099227487 |w (DE-600)2050833-5 |
| 787 | 0 | 8 | |i Rezension von |t Die Chronik des Gettos Lodz, Litzmannstadt |d Göttingen : Wallstein |h 24 cm |z 9783892448341 |z 3892448345 |w (DE-603)190824220 |
| 856 | |u http://library.fes.de/fulltext/afs/htmrez/80920.htm |x Verlag | ||
| 924 | 1 | |9 2080 |a (DE-603)791308545 |b DE-2080 |c HES |d d |g / | |


